Tribunal Central de Trabajo

Bibliographic Details
Corporate Author: Espaą. Tribunal Central de Trabajo
Format: Unknown
Language:Spanish
Published: [Espaą : s.n.]
Subjects:
Online Access:Acceso restringido

MARC

LEADER 00000ny a22000003n 4500
005 20110509152015.0
008 100412c19889999sp ur pss 0 a0spa d
035 |a 129 
040 |a BUS  |d vlex 
090 |c 1483  |d 1483 
110 1 |a Espaą.  |b Tribunal Central de Trabajo 
245 3 0 |a Tribunal Central de Trabajo  |h [Recurso electrn̤ico] 
256 |a Servicio en ln̕ea 
260 |a [Espaą :  |b s.n.] 
650 0 4 |a Sentencias  |z Espaą  |x Publicaciones perid̤icas 
650 0 4 |a Tribunales de trabajo  |z Espaą  |x Jurisprudencia 
740 0 |a vLex Revista (Servicios en ln̕ea) 
843 |a Electrn̤ica. Abierta 
853 |8 1  |i (year)  |j (month)  |k (day) 
856 4 0 |z Acceso restringido  |u http://vlex.com/source/tribunal-central-trabajo-129 
942 |c REV